| 000 | 00663nam a2200253 a 4500 | ||
|---|---|---|---|
| 003 | AR-BaBNM | ||
| 005 | 20251128203515.0 | ||
| 008 | 082120s2002 ||||||||||||||000 | spa|| | ||
| 040 | _cAR-BaBNM | ||
| 245 | 0 | 0 | _aPresencia de Venezuela en la Argentina |
| 250 | _a1ª ed. | ||
| 260 |
_aBuenos Aires _bEmbajada de Venezuela _c1977 |
||
| 300 | _a147 p. | ||
| 650 | 4 | _aHISTORIA AMERICANA | |
| 650 | 4 | _aINTEGRACION CULTURAL | |
| 650 | 4 | _aLITERATURA | |
| 651 | 4 | _aVenezuela | |
| 651 | 4 | _aArgentina | |
| 651 | 4 | _aAmérica Latina | |
| 700 | 1 |
_aCárdenas, Horacio _eprologuista |
|
| 700 | 1 |
_aSantander, Ernesto _ecolaborador |
|
| 942 | _cBK | ||
| 998 | _cmariana | ||
| 999 |
_c3693 _d3693 |
||